000 00727nam 22001933 4500
001 200600
090 _a200600
100 _a20260216d u||y0pory50 ba
200 _aContributo a un repertorio bibliografico degli scritti pubblicati in Italia sulla cultura spagnola
_fPablo Luis Avila
_e(1940-1969)
210 _a[Itália]
_cUniversità di Pisa
_d1971
215 _a109, [2] p.
_cbrochado
_d22 cm
225 _aInsttuto di Literatura Spagnola e Ispano-americana
_h2
317 _a. - Oferta com dedicatória do escritor ao Prof. Dr. Almeida Faria
606 _99563
_aFormas e géneros literários
675 _a82-1
_vIT
_zita
700 _916385
_aAvila
_bPablo Luis
_f1932-
801 _aPT
_bBMMN
_gRPC
830 _cAna
_fAna
990 _cLIVROS